[Event "LSS SA-2022-0-00799"]
[Site "LSS email"]
[Date "2022.05.14"]
[Round "?"]
[White "Hlavica, Bretislav"]
[Black "Baltar, Antoni"]
[Result "1/2-1/2"]
[WhiteElo "2147"]
[BlackElo "2141"]
[PlyCount "155"]
[EventDate "2022.04.05"]
[EventType "tourn (corr)"]
[EventRounds "6"]
[EventCountry "GER"]
[SourceTitle "Corr 2024"]
[Source "ChessBase"]
[SourceDate "2023.10.19"]
[SourceVersion "1"]
[SourceVersionDate "2023.10.19"]
[SourceQuality "1"]

1. d4 Nf6 2. Nf3 d5 3. Bf4 c5 4. e3 Nc6 5. c3 Qb6 6. Qb3 c4 7. Qxb6 axb6 8. Be2 Bf5 9. 0-0 e6 10. Nbd2 b5 11. a3 h6 12. h3 Nd7 13. Rfe1 Nb6 14. Bf1 Kd7 15. e4 Bh7 16. Ne5+ Nxe5 17. Bxe5 Na4 18. Rab1 f6 19. Bh2 Bd6 20. Bxd6 Kxd6 21. Re3 Kc7 22. b3 Nb6 23. bxc4 bxc4 24. Rb5 Rhd8 25. exd5 exd5 26. Re7+ Kc6 27. Rb4 Bg8 28. Nb1 g5 29. Rg7 Re8 30. g4 Re1 31. Kg2 Be6 32. Rh7 Ra4 33. Rb2 Nd7 34. Rxh6 Ra6 35. Rb4 Rd1 36. Be2 Re1 37. Bf1 Rc1 38. a4 Rc2 39. h4 gxh4 40. Rxh4 Ra2 41. Kg3 Rb6 42. Rxb6+ Nxb6 43. a5 Nc8 44. Bg2 Nd6 45. Rh1 Rxa5 46. f4 b5 47. f5 Bd7 48. Rh8 Ra6 49. Rh2 Ra8 50. Rh7 Ra4 51. Rh1 Ra1 52. Re1 Ra2 53. Bf3 Rb2 54. Na3 Ra2 55. Nb1 Ra1 56. Bg2 Nf7 57. Kh4 Ra2 58. Bh1 Rh2+ 59. Kg3 Rb2 60. Kh4 Nd6 61. Rf1 Be8 62. g5 Bd7 63. gxf6 Bxf5 64. Na3 Be6 65. Rc1 Rf2 66. Nc2 Rxf6 67. Nb4+ Kd7 68. Ra1 Ne4 69. Bxe4 dxe4 70. Ra7+ Ke8 71. Rb7 Rf5 72. Nc6 Bd7 73. Rb8+ Kf7 74. Ne5+ Ke7 75. Rb7 e3 76. Nxd7 Ke8 77. Nf6+ Kd8 78. Rd7+ 1/2-1/2

[Event "LSS SA-2022-0-00799"]
[Site "LSS email"]
[Date "2022.05.14"]
[Round "?"]
[White "Nucci, Luciano"]
[Black "Hlavica, Bretislav"]
[Result "1/2-1/2"]
[WhiteElo "2097"]
[BlackElo "2147"]
[PlyCount "41"]
[EventDate "2022.04.05"]
[EventType "tourn (corr)"]
[EventRounds "6"]
[EventCountry "GER"]
[SourceTitle "Corr 2024"]
[Source "ChessBase"]
[SourceDate "2023.10.19"]
[SourceVersion "1"]
[SourceVersionDate "2023.10.19"]
[SourceQuality "1"]

1. d4 Nf6 2. c4 e6 3. Nf3 d5 4. g3 Be7 5. Bg2 0-0 6. 0-0 dxc4 7. Qc2 a6 8. a4 Bd7 9. Qxc4 Bc6 10. Bf4 Nbd7 11. Nc3 Bd6 12. Bd2 h6 13. Qd3 Bb4 14. Rfe1 a5 15. Qc2 Bxc3 16. Bxc3 Be4 17. Qb3 b6 18. Red1 Bd5 19. Qc2 Be4 20. Qb3 Bd5 21. Qc2 1/2-1/2

[Event "LSS SA-2021-0-00777"]
[Site "LSS email"]
[Date "2021.11.04"]
[Round "?"]
[White "Chronopoulos, Antonios"]
[Black "Hlavica, Bretislav"]
[Result "1/2-1/2"]
[WhiteElo "2006"]
[BlackElo "2151"]
[PlyCount "51"]
[EventDate "2021.10.07"]
[EventType "tourn (corr)"]
[EventRounds "6"]
[EventCountry "GER"]
[SourceTitle "Corr 2024"]
[Source "ChessBase"]
[SourceDate "2023.10.19"]
[SourceVersion "1"]
[SourceVersionDate "2023.10.19"]
[SourceQuality "1"]

1. d4 Nf6 2. c3 d5 3. Bg5 Bf5 4. Bxf6 exf6 5. Qb3 b6 6. e3 a5 7. a3 Be7 8. c4 dxc4 9. Bxc4 0-0 10. Ne2 c6 11. Bd3 Bxd3 12. Qxd3 Nd7 13. 0-0 Rc8 14. Nbc3 g6 15. Rad1 f5 16. d5 cxd5 17. Nxd5 Nf6 18. Nef4 Nxd5 19. Nxd5 Bf6 20. Rd2 Re8 21. Rfd1 Re6 22. Qb5 Rcc6 23. b4 Kg7 24. g3 Red6 25. Kg2 axb4 26. axb4 1/2-1/2

[Event "LSS SA-2021-0-00750"]
[Site "LSS email"]
[Date "2021.02.16"]
[Round "?"]
[White "Zholob, Anatolij"]
[Black "Hlavica, Bretislav"]
[Result "1/2-1/2"]
[WhiteElo "2059"]
[BlackElo "2098"]
[PlyCount "32"]
[EventDate "2021.01.06"]
[EventType "tourn (corr)"]
[EventRounds "6"]
[EventCountry "GER"]
[SourceTitle "Corr 2024"]
[Source "ChessBase"]
[SourceDate "2023.10.19"]
[SourceVersion "1"]
[SourceVersionDate "2023.10.19"]
[SourceQuality "1"]

1. d4 Nf6 2. c4 e6 3. Nf3 Bb4+ 4. Bd2 Qe7 5. Nc3 0-0 6. e3 b6 7. Be2 Bb7 8. 0-0 Bxc3 9. Bxc3 Ne4 10. Be1 d6 11. Nd2 Nxd2 12. Qxd2 Nd7 13. f3 a5 14. e4 e5 15. Bf2 Rfe8 16. Rae1 Nf8 1/2-1/2

[Event "SA-2020-0-00733"]
[Site "LSS email"]
[Date "2020.08.30"]
[Round "?"]
[White "Hlavica, Bretislav"]
[Black "Wuttke, Bodo"]
[Result "1-0"]
[WhiteElo "2079"]
[BlackElo "2114"]
[PlyCount "89"]
[EventDate "2020.08.02"]
[EventType "tourn (corr)"]
[EventRounds "6"]
[EventCountry "GER"]
[SourceTitle "Corr 2022"]
[Source "ChessBase"]
[SourceDate "2021.10.24"]
[SourceVersion "1"]
[SourceVersionDate "2021.10.24"]
[SourceQuality "1"]

1. d4 Nf6 2. c4 e6 3. Nc3 Bb4 4. e3 0-0 5. Bd3 c5 6. Nf3 d5 7. 0-0 dxc4 8. Bxc4 b6 9. a3 Bxc3 10. bxc3 Qc7 11. Qe2 Bb7 12. Bb2 Rd8 13. Rac1 h6 14. Nd2 Nc6 15. Bd3 Rac8 16. f4 Qe7 17. h3 Qd7 18. Rcd1 Qe7 19. Bb1 Rc7 20. Rf2 Rcd7 21. Qd3 a6 22. Re1 b5 23. Nf3 Na5 24. e4 Nh5 25. Ne5 Rc7 26. g4 Nf6 27. g5 Nd7 28. Ng4 h5 29. e5 g6 30. Nf6+ Kh8 31. d5 Bxd5 32. Nxd5 exd5 33. e6 Nc4 34. Bc1 f5 35. gxf6 Nxf6 36. Qg3 Nd6 37. Rg2 Nde4 38. Bxe4 Nxe4 39. Rxe4 dxe4 40. Qxg6 Qg7 41. Qxh5+ Qh7 42. Qe5+ Rg7 43. Rg5 Kg8 44. Kh2 Re8 45. f5 1-0

[Event "SA-2020-0-00733"]
[Site "LSS email"]
[Date "2020.08.30"]
[Round "?"]
[White "Rodriguez, Raul"]
[Black "Hlavica, Bretislav"]
[Result "1/2-1/2"]
[WhiteElo "2077"]
[BlackElo "2079"]
[PlyCount "92"]
[EventDate "2020.08.02"]
[EventType "tourn (corr)"]
[EventRounds "6"]
[EventCountry "GER"]
[SourceTitle "Corr 2022"]
[Source "ChessBase"]
[SourceDate "2021.10.24"]
[SourceVersion "1"]
[SourceVersionDate "2021.10.24"]
[SourceQuality "1"]

1. e4 g6 2. d4 Bg7 3. c3 d6 4. Bd3 Nf6 5. Nf3 0-0 6. h3 Nc6 7. Be3 a6 8. 0-0 e5 9. Nbd2 Re8 10. Re1 Bd7 11. a3 a5 12. d5 Ne7 13. c4 c6 14. Bf1 b6 15. Rc1 c5 16. Bd3 h6 17. Nb1 Nh7 18. Qd2 f5 19. Bxh6 f4 20. Bxg7 Kxg7 21. Nc3 Rh8 22. Nb5 Bxb5 23. cxb5 Ng8 24. b4 Ng5 25. Nxg5 Qxg5 26. Kh2 Nf6 27. bxc5 bxc5 28. Bf1 Qh6 29. Kg1 g5 30. f3 Qh4 31. Qf2 Qxf2+ 32. Kxf2 Rab8 33. a4 Nd7 34. Ra1 Nb6 35. Be2 Kf6 36. Rec1 Ke7 37. Ke1 Kd7 38. Kd2 Ke7 39. Rg1 Kd7 40. Kc3 Kc7 41. Kb3 Kb7 42. Ra2 Kc7 43. Rc2 Kb7 44. Ra1 Kc7 45. Rca2 Kb7 46. Rg1 Kc7 1/2-1/2

[Event "SA-2020-0-00732"]
[Site "LSS email"]
[Date "2020.08.24"]
[Round "?"]
[White "Hlavica, Bretislav"]
[Black "Luers, Lavas"]
[Result "1-0"]
[WhiteElo "2085"]
[BlackElo "2088"]
[PlyCount "152"]
[EventDate "2020.07.24"]
[EventType "tourn (corr)"]
[EventRounds "6"]
[EventCountry "GER"]
[SourceTitle "Corr 2022"]
[Source "ChessBase"]
[SourceDate "2021.10.24"]
[SourceVersion "1"]
[SourceVersionDate "2021.10.24"]
[SourceQuality "1"]

1. d4 Nf6 2. c4 e6 3. Nc3 Bb4 4. e3 0-0 5. Bd3 d5 6. Nf3 b6 7. 0-0 Bb7 8. cxd5 exd5 9. a3 Bd6 10. b4 Re8 11. Qb3 a6 12. a4 Nc6 13. Ba3 Ne4 14. Rfc1 a5 15. b5 Nb4 16. Bf1 Re6 17. Bxb4 axb4 18. Nxe4 dxe4 19. Ne5 Re7 20. h3 g6 21. Nc4 Bd5 22. Qb1 Bxc4 23. Bxc4 Ra5 24. Bd5 c5 25. dxc5 Bxc5 26. Rd1 Qe8 27. Bc6 Qb8 28. Bxe4 Qe5 29. Bd5 Rd7 30. Bb3 Raa7 31. Ra2 Rac7 32. Rad2 Rxd2 33. Rxd2 Kg7 34. Qd1 h5 35. h4 Qc3 36. Kh2 Re7 37. Kh1 Re5 38. g3 Rf5 39. Kg2 Rf6 40. Rd5 Kf8 41. Rd3 Qb2 42. Rd2 Qc3 43. Bd5 Rd6 44. Rd3 Qf6 45. Qc2 Qa1 46. e4 Rf6 47. Rd2 Kg7 48. a5 b3 49. Bxb3 Qxa5 50. e5 Qa8+ 51. Kh2 Rf5 52. f4 Qf3 53. Qd1 Rxf4 54. gxf4 Qxf4+ 55. Kh3 Be7 56. Rd4 Qe3+ 57. Kg2 Bxh4 58. Rxh4 Qg5+ 59. Rg4 hxg4 60. Qd4 Kh7 61. Bxf7 Qh4 62. Qd3 Qh6 63. e6 Kg7 64. Qd4+ Kh7 65. Qc3 Qg5 66. Bg8+ Kxg8 67. Qc8+ Kg7 68. Qd7+ Kh6 69. e7 Qe3 70. e8Q Qf3+ 71. Kg1 Qg3+ 72. Kf1 Qf3+ 73. Ke1 Qg3+ 74. Kd2 Qf2+ 75. Qe2 g3 76. Qxf2 gxf2 1-0

[Event "SA-2020-0-00712"]
[Site "LSS email"]
[Date "2020.01.13"]
[Round "?"]
[White "Hlavica, Bretislav"]
[Black "Meissner, Ruediger"]
[Result "1/2-1/2"]
[WhiteElo "2083"]
[BlackElo "2095"]
[PlyCount "42"]
[EventDate "2019.12.12"]
[EventType "tourn (corr)"]
[EventRounds "6"]
[EventCountry "GER"]
[SourceTitle "Corr 2022"]
[Source "ChessBase"]
[SourceDate "2021.10.24"]
[SourceVersion "1"]
[SourceVersionDate "2021.10.24"]
[SourceQuality "1"]

1. d4 d5 2. c4 c6 3. cxd5 cxd5 4. Bf4 Nc6 5. e3 Nf6 6. Bd3 Bg4 7. Ne2 e6 8. Qb3 Qd7 9. Nbc3 Be7 10. 0-0 0-0 11. Rfc1 Rfc8 12. h3 Bh5 13. Bh2 Na5 14. Qd1 Nc4 15. Qc2 Bg6 16. Bxg6 hxg6 17. b3 Na3 18. Qb2 b5 19. Be5 Qb7 20. f3 g5 21. Nb1 Qa6 1/2-1/2

[Event "SB-2019-0-00579"]
[Site "LSS email"]
[Date "2019.08.20"]
[Round "?"]
[White "Hlavica, Bretislav"]
[Black "Kapatos, Endre"]
[Result "1/2-1/2"]
[WhiteElo "2127"]
[BlackElo "1784"]
[PlyCount "42"]
[EventDate "2019.06.17"]
[EventType "tourn (corr)"]
[EventRounds "6"]
[EventCountry "GER"]
[SourceTitle "Corr 2022"]
[Source "ChessBase"]
[SourceDate "2021.10.24"]
[SourceVersion "1"]
[SourceVersionDate "2021.10.24"]
[SourceQuality "1"]

1. d4 Nf6 2. c4 e6 3. Nc3 Bb4 4. e3 0-0 5. Bd3 d5 6. Nf3 c5 7. 0-0 dxc4 8. Bxc4 Nbd7 9. Qe2 b6 10. Rd1 cxd4 11. exd4 Bb7 12. d5 Bxc3 13. dxe6 Bxf3 14. gxf3 fxe6 15. bxc3 Qc7 16. Bxe6+ Kh8 17. Qc4 Qb7 18. Bxd7 Nxd7 19. Qd5 Qxd5 20. Rxd5 Nc5 21. Be3 Rxf3 1/2-1/2

[Event "SB-2019-0-00579"]
[Site "LSS email"]
[Date "2019.08.20"]
[Round "?"]
[White "Hlavica, Bretislav"]
[Black "Pilgram, Kurt"]
[Result "1/2-1/2"]
[WhiteElo "2127"]
[BlackElo "2198"]
[PlyCount "94"]
[EventDate "2019.06.17"]
[EventType "tourn (corr)"]
[EventRounds "6"]
[EventCountry "GER"]
[SourceTitle "Corr 2022"]
[Source "ChessBase"]
[SourceDate "2021.10.24"]
[SourceVersion "1"]
[SourceVersionDate "2021.10.24"]
[SourceQuality "1"]

1. d4 Nf6 2. c4 g6 3. Nc3 Bg7 4. e4 d6 5. Nf3 0-0 6. Be2 e5 7. 0-0 Na6 8. Be3 Ng4 9. Bg5 Qe8 10. Nd5 f6 11. Bh4 c6 12. Nc3 Nc7 13. h3 Nh6 14. d5 Nf7 15. Rc1 Bd7 16. a3 Rc8 17. Qb3 cxd5 18. cxd5 Na6 19. Qd1 Qe7 20. b4 Nc7 21. a4 Bh6 22. Rc2 Bf4 23. b5 a6 24. Nd2 axb5 25. axb5 Bg5 26. Bxg5 Nxg5 27. h4 Nf7 28. g3 f5 29. Qb1 f4 30. Na4 Ne8 31. Nb6 Rxc2 32. Qxc2 Bh3 33. Ra1 Qd8 34. Ndc4 fxg3 35. fxg3 g5 36. Kh2 gxh4 37. Kxh3 Ng5+ 38. Kg2 hxg3 39. Rf1 Rxf1 40. Bxf1 Nf6 41. Bd3 Qf8 42. Nxd6 Qxd6 43. Qc8+ Qf8 44. Qxf8+ Kxf8 45. Nc4 Ngxe4 46. Nxe5 Ke7 47. Ng4 Kd6 1/2-1/2

[Event "CP-2018-Q-00006"]
[Site "LSS email"]
[Date "2018.11.28"]
[Round "?"]
[White "Hlavica, Bretislav"]
[Black "Colibaba, Alexandr"]
[Result "1/2-1/2"]
[WhiteElo "2158"]
[BlackElo "2274"]
[PlyCount "65"]
[EventDate "2018.12.01"]
[EventType "tourn (corr)"]
[EventRounds "6"]
[EventCountry "GER"]
[SourceTitle "Corr 2022"]
[Source "ChessBase"]
[SourceDate "2021.10.24"]
[SourceVersion "1"]
[SourceVersionDate "2021.10.24"]
[SourceQuality "1"]

1. d4 Nf6 2. c4 g6 3. Nc3 Bg7 4. e4 d6 5. f3 0-0 6. Bg5 Nc6 7. Nge2 a6 8. Qd2 Rb8 9. Rc1 h5 10. b3 Nh7 11. Bh4 Bd7 12. f4 b5 13. Nd5 bxc4 14. Rxc4 Nf6 15. Nec3 Rc8 16. Nxf6+ Bxf6 17. Bxf6 exf6 18. d5 Ne7 19. f5 gxf5 20. Bd3 c6 21. dxc6 Rxc6 22. 0-0 Qa5 23. Rf2 Rxc4 24. Bxc4 Qe5 25. Nd5 Kg7 26. Nxe7 Qxe7 27. exf5 Bb5 28. Bxb5 axb5 29. Qe2 Qxe2 30. Rxe2 Rc8 31. Rd2 Rc5 32. Rxd6 Rxf5 33. b4 1/2-1/2

[Event "CP-2018-Q-00006"]
[Site "LSS email"]
[Date "2018.11.28"]
[Round "?"]
[White "Hlavica, Bretislav"]
[Black "Mesquita, Fausto Monteiro Jr"]
[Result "1/2-1/2"]
[WhiteElo "2158"]
[BlackElo "2170"]
[PlyCount "43"]
[EventDate "2018.12.01"]
[EventType "tourn (corr)"]
[EventRounds "6"]
[EventCountry "GER"]
[SourceTitle "Corr 2022"]
[Source "ChessBase"]
[SourceDate "2021.10.24"]
[SourceVersion "1"]
[SourceVersionDate "2021.10.24"]
[SourceQuality "1"]

1. d4 d5 2. c4 e6 3. Nc3 Nf6 4. Bg5 Be7 5. Nf3 h6 6. Bh4 0-0 7. e3 b6 8. cxd5 Nxd5 9. Bxe7 Qxe7 10. Nxd5 exd5 11. Rc1 Be6 12. Qa4 c5 13. Qa3 Nd7 14. Be2 Rfc8 15. 0-0 a5 16. dxc5 bxc5 17. Nd4 Nf6 18. Rc2 Qf8 19. Nxe6 fxe6 20. Rfc1 c4 21. Qxf8+ Rxf8 22. b3 1/2-1/2

[Event "CP-2018-P-00010"]
[Site "LSS email"]
[Date "2018.09.27"]
[Round "?"]
[White "Hlavica, Bretislav"]
[Black "Hatsek, Werner"]
[Result "1/2-1/2"]
[WhiteElo "2164"]
[BlackElo "2057"]
[PlyCount "52"]
[EventDate "2018.10.01"]
[EventType "tourn (corr)"]
[EventRounds "6"]
[EventCountry "GER"]
[SourceTitle "Corr 2022"]
[Source "ChessBase"]
[SourceDate "2021.10.24"]
[SourceVersion "1"]
[SourceVersionDate "2021.10.24"]
[SourceQuality "1"]

1. d4 Nf6 2. c4 e6 3. Nc3 Bb4 4. e3 0-0 5. Bd3 c5 6. Nf3 b6 7. d5 Bxc3+ 8. bxc3 Re8 9. 0-0 d6 10. Re1 Nbd7 11. e4 Nf8 12. a4 Ng6 13. h3 h6 14. Qc2 Bd7 15. Be3 e5 16. Ra2 Rb8 17. Rb1 a5 18. Qd1 Nf4 19. Bc2 g5 20. Rab2 Kh8 21. Nh2 Rg8 22. Qd2 h5 23. Bxf4 gxf4 24. Kh1 Nh7 25. Qe2 Qg5 26. Qf1 Qd8 1/2-1/2

[Event "CP-2018-P-00010"]
[Site "LSS email"]
[Date "2018.09.27"]
[Round "?"]
[White "Koronowski, Heinz Juergen"]
[Black "Hlavica, Bretislav"]
[Result "1-0"]
[WhiteElo "2027"]
[BlackElo "2164"]
[PlyCount "97"]
[EventDate "2018.10.01"]
[EventType "tourn (corr)"]
[EventRounds "6"]
[EventCountry "GER"]
[SourceTitle "Corr 2022"]
[Source "ChessBase"]
[SourceDate "2021.10.24"]
[SourceVersion "1"]
[SourceVersionDate "2021.10.24"]
[SourceQuality "1"]

1. e4 g6 2. d4 Bg7 3. Nc3 d6 4. Be3 c6 5. Qd2 Nf6 6. Bh6 0-0 7. 0-0-0 b5 8. Bxg7 Kxg7 9. e5 dxe5 10. dxe5 Qxd2+ 11. Rxd2 Nfd7 12. f4 a5 13. Nf3 Nc5 14. Nd4 Bb7 15. Nb3 Ne6 16. f5 gxf5 17. a4 b4 18. Ne2 Bc8 19. Ng3 Nc7 20. Bc4 e6 21. Nh5+ Kh8 22. Nf6 Nd5 23. Nc5 Na6 24. Bxa6 Bxa6 25. g4 Nxf6 26. exf6 Bc4 27. Nd7 Bd5 28. Rg1 Rg8 29. Ne5 Ra7 30. g5 Rb7 31. h4 h5 32. Rf2 c5 33. Kd2 Kh7 34. Ke3 c4 35. c3 bxc3 36. bxc3 Rb3 37. Rc2 Rf8 38. Kf4 Be4 39. Rd2 Bd5 40. Nxf7 Rxf7 41. g6+ Kg8 42. gxf7+ Kxf7 43. Ke5 Rxc3 44. Rg7+ Kf8 45. Re2 f4 46. Kxf4 Rf3+ 47. Kg5 c3 48. Re5 Rg3+ 49. Kh6 1-0

[Event "CP-2018-P-00010"]
[Site "LSS email"]
[Date "2018.09.27"]
[Round "?"]
[White "Moskalenko, Eduard"]
[Black "Hlavica, Bretislav"]
[Result "1/2-1/2"]
[WhiteElo "2168"]
[BlackElo "2164"]
[PlyCount "120"]
[EventDate "2018.10.01"]
[EventType "tourn (corr)"]
[EventRounds "6"]
[EventCountry "GER"]
[SourceTitle "Corr 2022"]
[Source "ChessBase"]
[SourceDate "2021.10.24"]
[SourceVersion "1"]
[SourceVersionDate "2021.10.24"]
[SourceQuality "1"]

1. e4 g6 2. d4 Bg7 3. Nc3 d6 4. Nf3 Nf6 5. Be2 0-0 6. 0-0 Bg4 7. Be3 Nc6 8. Qd2 e5 9. d5 Ne7 10. h3 Bd7 11. Rad1 b5 12. a3 a5 13. b4 axb4 14. axb4 Ra3 15. Ra1 Qa8 16. Rxa3 Qxa3 17. Rb1 Rb8 18. Qd3 Nh5 19. g4 Nf4 20. Bxf4 exf4 21. Nd4 f5 22. exf5 gxf5 23. Ncxb5 Qxd3 24. Bxd3 fxg4 25. hxg4 Bxg4 26. Nc6 Nxc6 27. dxc6 Rc8 28. Bc4+ Kf8 29. Bd5 Ke7 30. c4 Be5 31. f3 Bf5 32. Re1 Kf6 33. Kh2 h5 34. Rd1 Bc2 35. Rd2 Bf5 36. Re2 h4 37. Be4 Be6 38. Rc2 Ke7 39. Bd5 Bf5 40. Rg2 Kf6 41. Ra2 Ke7 42. Ra7 Kd8 43. Kg2 h3+ 44. Kh2 Rb8 45. Be4 Bxe4 46. fxe4 d5 47. exd5 f3+ 48. Kxh3 Ke7 49. Ra2 Rf8 50. Rf2 Rf4 51. c5 Rxb4 52. d6+ cxd6 53. c7 Kd7 54. cxd6 Rf4 55. Rc2 Rf8 56. Na7 f2 57. Rxf2 Rh8+ 58. Kg4 Bxd6 59. Rf7+ Ke6 60. Rg7 Bxc7 1/2-1/2

[Event "SA-2018-0-00647"]
[Site "LSS email"]
[Date "2018.08.30"]
[Round "?"]
[White "De Paz Gonzalez, Yasset"]
[Black "Hlavica, Bretislav"]
[Result "0-1"]
[WhiteElo "2069"]
[BlackElo "2162"]
[PlyCount "48"]
[EventDate "2018.08.09"]
[EventType "tourn (corr)"]
[EventRounds "6"]
[EventCountry "GER"]
[SourceTitle "Corr 2022"]
[Source "ChessBase"]
[SourceDate "2021.10.24"]
[SourceVersion "1"]
[SourceVersionDate "2021.10.24"]
[SourceQuality "1"]

1. c4 Nf6 2. d4 e6 3. Nf3 Bb4+ 4. Bd2 Qe7 5. g3 Nc6 6. Nc3 Bxc3 7. Bxc3 Ne4 8. Qc1 Nxc3 9. Qxc3 0-0 10. Bg2 d6 11. b4 e5 12. b5 Nxd4 13. Nxd4 exd4 14. Qxd4 Re8 15. e3 Qe5 16. Qxe5 Rxe5 17. 0-0 Rc5 18. Rfc1 Rb8 19. a4 Kf8 20. Ra3 Be6 21. Rac3 c6 22. f4 Rc8 23. Bf1 cxb5 24. axb5 d5 0-1

[Event "CP-2017-P-00045"]
[Site "LSS email"]
[Date "2017.09.27"]
[Round "?"]
[White "Hlavica, Bretislav"]
[Black "Nicolaescu, Nicolae"]
[Result "1/2-1/2"]
[WhiteElo "2163"]
[BlackElo "1708"]
[PlyCount "51"]
[EventDate "2017.10.01"]
[EventType "tourn (corr)"]
[EventRounds "6"]
[EventCountry "GER"]
[SourceTitle "Corr 2022"]
[Source "ChessBase"]
[SourceDate "2021.10.24"]
[SourceVersion "1"]
[SourceVersionDate "2021.10.24"]
[SourceQuality "1"]

1. d4 Nf6 2. c4 g6 3. Nc3 Bg7 4. e4 d6 5. Nf3 0-0 6. Be2 e5 7. 0-0 Nc6 8. d5 Ne7 9. b4 Nh5 10. Re1 f5 11. Ng5 Nf6 12. Bf3 c6 13. Bb2 h6 14. Ne6 Bxe6 15. dxe6 fxe4 16. Nxe4 Nxe4 17. Rxe4 d5 18. cxd5 cxd5 19. Rxe5 Bxe5 20. Bxe5 Qb6 21. Bb2 Rad8 22. Qd2 Qxe6 23. Re1 Qf7 24. Qxh6 d4 25. Qd2 Nf5 26. a3 1/2-1/2

[Event "WC-2017-S-00007"]
[Site "LSS email"]
[Date "2017.05.17"]
[Round "?"]
[White "Baroin, Bernard"]
[Black "Hlavica, Bretislav"]
[Result "1/2-1/2"]
[WhiteElo "2182"]
[BlackElo "2144"]
[PlyCount "65"]
[EventDate "2017.06.01"]
[EventType "tourn (corr)"]
[EventRounds "12"]
[EventCountry "GER"]
[SourceTitle "Corr 2024"]
[Source "ChessBase"]
[SourceDate "2023.10.19"]
[SourceVersion "1"]
[SourceVersionDate "2023.10.19"]
[SourceQuality "1"]

1. e4 g6 2. d4 Bg7 3. Nc3 d6 4. Bg5 Nf6 5. Nf3 0-0 6. Be2 c6 7. 0-0 Nbd7 8. a4 Qc7 9. h3 e5 10. dxe5 dxe5 11. Be3 Re8 12. Qd2 Nf8 13. Rfd1 Ne6 14. Bc4 Bf8 15. Bh6 Bb4 16. Qe3 Bc5 17. Qd3 a5 18. Rd2 Rd8 19. Qe2 Rxd2 20. Qxd2 Bd7 21. Rd1 Re8 22. Ng5 Bc8 23. Nxe6 Bxe6 24. Bxe6 Rxe6 25. Qd8+ Qxd8 26. Rxd8+ Re8 27. Rd3 Bd4 28. Ne2 Bc5 29. Ng3 b5 30. b3 Bd4 31. Bd2 Nd7 32. axb5 Nc5 33. Rf3 1/2-1/2

[Event "WC-2017-S-00007"]
[Site "LSS email"]
[Date "2017.05.17"]
[Round "?"]
[White "Hlavica, Bretislav"]
[Black "Bujdak, Pavel"]
[Result "1/2-1/2"]
[WhiteElo "2144"]
[BlackElo "2108"]
[PlyCount "52"]
[EventDate "2017.06.01"]
[EventType "tourn (corr)"]
[EventRounds "12"]
[EventCountry "GER"]
[SourceTitle "Corr 2024"]
[Source "ChessBase"]
[SourceDate "2023.10.19"]
[SourceVersion "1"]
[SourceVersionDate "2023.10.19"]
[SourceQuality "1"]

1. d4 c6 2. c4 d5 3. cxd5 cxd5 4. Nf3 Nf6 5. Nc3 Nc6 6. Bf4 Bf5 7. e3 e6 8. Bb5 Nd7 9. 0-0 Be7 10. Rc1 Rc8 11. h3 0-0 12. Bd3 Bxd3 13. Qxd3 Nb6 14. Qe2 Nc4 15. b3 Nd6 16. Ne5 Qa5 17. Nd7 Rfd8 18. Nc5 Qb6 19. N3a4 Qc7 20. Rfd1 b6 21. Nc3 bxc5 22. dxc5 Qb8 23. cxd6 Bxd6 24. Bxd6 Qxd6 25. Qa6 Qd7 26. Qb5 Qd6 1/2-1/2

[Event "WC-2017-S-00007"]
[Site "LSS email"]
[Date "2017.05.17"]
[Round "?"]
[White "Hlavica, Bretislav"]
[Black "Ramponelli, Roberto"]
[Result "1/2-1/2"]
[WhiteElo "2144"]
[BlackElo "2174"]
[PlyCount "58"]
[EventDate "2017.06.01"]
[EventType "tourn (corr)"]
[EventRounds "12"]
[EventCountry "GER"]
[SourceTitle "Corr 2024"]
[Source "ChessBase"]
[SourceDate "2023.10.19"]
[SourceVersion "1"]
[SourceVersionDate "2023.10.19"]
[SourceQuality "1"]

1. d4 Nf6 2. c4 e6 3. Nc3 Bb4 4. e3 0-0 5. Bd3 d5 6. Nf3 c5 7. 0-0 Nc6 8. a3 Bxc3 9. bxc3 dxc4 10. Bxc4 Qc7 11. Ba2 e5 12. h3 e4 13. Nd2 Bf5 14. Bb2 Rad8 15. Qe2 Rfe8 16. a4 Qc8 17. Rfd1 cxd4 18. cxd4 Nb4 19. Rac1 Qd7 20. Bc4 a6 21. a5 Rc8 22. Ba3 Nd3 23. Nxe4 Nxc1 24. Nxf6+ gxf6 25. Rxc1 Be6 26. Bc5 Bxc4 27. Rxc4 f5 28. Qf3 h6 29. Rb4 Rc6 1/2-1/2

[Event "WC-2017-S-00007"]
[Site "LSS email"]
[Date "2017.05.17"]
[Round "?"]
[White "Osipov, AleksNdr"]
[Black "Hlavica, Bretislav"]
[Result "1/2-1/2"]
[WhiteElo "2146"]
[BlackElo "2144"]
[PlyCount "83"]
[EventDate "2017.06.01"]
[EventType "tourn (corr)"]
[EventRounds "12"]
[EventCountry "GER"]
[SourceTitle "Corr 2024"]
[Source "ChessBase"]
[SourceDate "2023.10.19"]
[SourceVersion "1"]
[SourceVersionDate "2023.10.19"]
[SourceQuality "1"]

1. e4 g6 2. d4 Bg7 3. Nc3 d6 4. Be3 c6 5. Nf3 Nf6 6. h3 0-0 7. Be2 b5 8. e5 Ne8 9. 0-0 Nd7 10. Re1 Bb7 11. Qd2 dxe5 12. dxe5 Nxe5 13. Qxd8 Rxd8 14. Nxe5 Bxe5 15. Bxa7 Nd6 16. Bc5 Ra8 17. Bf3 f6 18. a4 Rfb8 19. a5 Ra6 20. Rxe5 fxe5 21. b4 Kf7 22. Re1 Kf6 23. g4 Bc8 24. h4 h6 25. Be3 g5 26. hxg5+ hxg5 27. Kg2 e4 28. Be2 Be6 29. Kg3 Raa8 30. Bd4+ Kf7 31. Bf1 Bd5 32. Bg2 Re8 33. Bb6 Nc8 34. Bc5 Nd6 35. Bxe4 Nxe4+ 36. Nxe4 Bxe4 37. Rxe4 e5 38. Kf3 Re6 39. Kg2 Kf6 40. Re3 e4 41. Rc3 Ke5 42. Be3 1/2-1/2

[Event "CP-2016-Q-00005"]
[Site "LSS email"]
[Date "2016.11.23"]
[Round "?"]
[White "Hlavica, Bretislav"]
[Black "Lelito, Jerzy"]
[Result "1/2-1/2"]
[WhiteElo "2146"]
[BlackElo "2235"]
[PlyCount "42"]
[EventDate "2016.12.01"]
[EventType "tourn (corr)"]
[EventRounds "6"]
[EventCountry "GER"]
[SourceTitle "Corr 2022"]
[Source "ChessBase"]
[SourceDate "2021.10.24"]
[SourceVersion "1"]
[SourceVersionDate "2021.10.24"]
[SourceQuality "1"]

1. d4 d5 2. c4 e6 3. Nc3 Nf6 4. Bg5 Be7 5. Nf3 h6 6. Bh4 0-0 7. e3 b6 8. Be2 Bb7 9. Bxf6 Bxf6 10. cxd5 exd5 11. 0-0 Re8 12. b4 c6 13. Qb3 a5 14. bxa5 Rxa5 15. a4 Bc8 16. Rfd1 Be6 17. Rab1 Nd7 18. Qc2 Be7 19. h3 Bd6 20. Bd3 Qa8 21. Rdc1 Ba3 1/2-1/2